000 00387nam a2200145Ia 4500
008 230711s9999||||xx |||||||||||||| ||und||
041 _aENG
082 _a4
_bHA-H
100 _aHahn,Harley
245 0 _aHarley hahis : internet complete reference
250 _a2nd . Ed.
260 _c2000
_aNew Delhi
_bTata McGraw Hill Education Limited
650 _aComputer Engineering
942 _cBK
999 _c3744
_d3744